| 000 | 02618cam a2200553 i 4500 | ||
|---|---|---|---|
| 999 |
_c1562 _d1562 |
||
| 001 | 19694028 | ||
| 003 | OSt | ||
| 005 | 20230112111157.0 | ||
| 008 | 170607s2017 nyua j 000 1 eng d | ||
| 010 | _a 2017288391 | ||
| 020 |
_a9780544880368 _q(paperback) |
||
| 035 | _a(OCoLC)ocn973754486 | ||
| 037 |
_bHoughton Mifflin Harcourt, 6277 Sea Harbor Dr 5th Fl, Orlando, FL, USA, 32887, (617)3515539 _nSAN 215-3793 |
||
| 040 |
_aKYC _beng _cKYC _erda _dBTCTA _dYDXCP _dTOH _dVTL _dOCLCO _dOJ4 _dIZ2 _dNPC _dTXLPL _dOCLCF _dBKL _dOCL _dDLC _dDLC _dKH8 |
||
| 042 | _alccopycat | ||
| 082 | 0 | 4 |
_a363.7282 ZAP _223 |
| 100 | 1 |
_aZappy, Erica, _eauthor. |
|
| 245 | 1 | 0 |
_aCurious George discovers recycling / _cadaptation by Erica Zappy ; based on the TV series teleplay written by Sandra Willard ; art adaptation by Artful Doodlers Ltd. |
| 264 | 1 |
_aNew York, : _bHoughton Mifflin Harcourt, _c[2017] |
|
| 300 |
_a1 volume (unpaged) : _bcolor illustrations ; _c21 x 26 cm |
||
| 336 |
_atext _btxt _2rdacontent |
||
| 336 |
_astill image _bsti _2rdacontent |
||
| 337 |
_aunmediated _bn _2rdamedia |
||
| 338 |
_avolume _bnc _2rdacarrier |
||
| 520 | _aCurious George learns how to identify recyclable materials and finds out what happens at a recycling facility when he participates in the doorman's recycling contest. | ||
| 600 | 0 | 0 |
_aCurious George _c(Fictitious character) _vJuvenile fiction. |
| 650 | 0 |
_aRecycling (Waste, etc.) _vJuvenile fiction. |
|
| 650 | 0 |
_aRecycling centers _vJuvenile fiction. |
|
| 650 | 1 |
_aRecycling (Waste) _vFiction. |
|
| 650 | 1 |
_aRecycling centers _vFiction. |
|
| 650 | 4 |
_aRecycling (Waste, etc) _vFiction. |
|
| 650 | 4 |
_aCurious George (Fictitious character) _vFiction. |
|
| 650 | 4 | _aPicture books for children. | |
| 650 | 7 |
_aCurious George (Fictitious character) _2fast _0(OCoLC)fst00885296 |
|
| 650 | 7 |
_aRecycling centers. _2fast _0(OCoLC)fst01092048 |
|
| 650 | 7 |
_aRecycling (Waste, etc.) _2fast _0(OCoLC)fst01092000 |
|
| 655 | 7 |
_aPicture books. _2fast _0(OCoLC)fst01726789 |
|
| 655 | 7 |
_aFiction. _2fast _0(OCoLC)fst01423787 |
|
| 655 | 7 |
_aJuvenile works. _2fast _0(OCoLC)fst01411637 |
|
| 655 | 7 |
_aPicture books for children. _2lcgft |
|
| 700 | 1 |
_aRey, Margret, _ecreator. |
|
| 700 | 1 |
_aRey, H. A. _q(Hans Augusto), _d1898-1977, _ecreator. |
|
| 700 | 1 |
_aWillard, Sandra, _eillustrator. |
|
| 710 | 2 |
_aArtful Doodlers Ltd., _eillustrator. |
|
| 730 | 0 |
_aCurious George (Television program) _iAdaptation of (expression): |
|
| 906 |
_a7 _bcbc _ccopycat _d2 _encip _f20 _gy-gencatlg |
||
| 942 |
_2ddc _cNFIC |
||